| 000 | 00380 a2200169 4500 | ||
|---|---|---|---|
| 001 | 17271 | ||
| 020 | _a9788508159338 | ||
| 040 | _cAnchieta - Bela Vista | ||
| 100 | _aPenteado, Maria Heloísa | ||
| 240 | 1 | 0 |
_aOs músicos de Bremen _lpor |
| 245 | 1 | 0 | _aOs músicos de Bremen |
| 300 | _a16 | ||
| 362 | 0 | _a2017 | |
| 440 | 1 | _aÁtica | |
| 650 | 4 | _aLiteratura juvenil | |
| 942 | _cBK | ||
| 999 |
_c17271 _d17271 |
||